Bé tí hon

में बचाया:
ग्रंथसूची विवरण
स्वरूप: पुस्तक
भाषा:Undetermined
प्रकाशित: Hà Nội Măng non 1984
विषय:
टैग : टैग जोड़ें
कोई टैग नहीं, इस रिकॉर्ड को टैग करने वाले पहले व्यक्ति बनें!
Thư viện lưu trữ: Trung tâm Học liệu Trường Đại học Cần Thơ
LEADER 00409nam a2200157Ia 4500
001 CTU_6257
008 210402s9999 xx 000 0 und d
082 |a 398.2044 
082 |b B200 
245 0 |a Bé tí hon 
245 0 |c Trần Hữu 
260 |a Hà Nội 
260 |b Măng non 
260 |c 1984 
650 |a folk literature, french 
980 |a Trung tâm Học liệu Trường Đại học Cần Thơ